000 01165nam a2200313 i 4500
003 DO-SdBNP
005 20231026144701.0
006 a||||gr|||| 00| 0
007 ta
008 231004t2015 gt ||||| |||| 00| p spa d
040 _aDO-SdBNP
_bspa
_cBNPHU
_erda
082 4 _aG861.5
_bD568
_222
245 0 0 _aPremio Mesoamericano de Poesía "Luis Cardoza y Aragón" :
_b diez años : antología.
264 4 _aGuatemala :
_bMinisterio de Cultura y Deportes ,
_c2015.
300 _a73 páginas ;
_c21 cm.
336 _2rdacontent
_atexto
_btxt
337 _2rdamedia
_asin mediación
_bn
338 _2rdacarrier
_avolumen
_bnc
490 0 _aPremio Mesoamericano de Poesía ¨Luis Cardozo y Aragón¨
490 0 _aPoesía
500 _aIncluye datos biográficos de los escritores en las páginas 71-73.
586 _aPremio Mesoamérica de Poesía "Luis Cardoza y Aragón".
590 _aInventariado 2023 / MF
611 _a Premio Mesoamericano de Poesía "Luis Cardoza y Aragón"
_984542
650 4 _aPoesía guatemalteca
_914068
650 4 _aLiteratura guatemalteca
_95393
910 _aYLockward/Validado. Control de calidad MFF
942 _2ddc
_cLBS1
999 _c55171
_d55171